000 00614nam a2200229Ia 4500
003 OSt
005 20220918195253.0
006 a|||||r|||| 00| 0
007 ta
008 220917b |||||||| |||| 00| 0 eng d
024 _a84,424
037 _cTextual
040 _aARTS
_cARTS
_beng
041 _2eng
_aeng
082 _aS8, L41;1 (SD)
100 _aSmith M Brewster
_988122
245 0 _aHumanizing social psychology
260 _aSansfransico
_bJossey bass
_c1974
650 _aSOCIAL PSYCHOLOGY
942 _hS8, L41;1 (SD)
_cTEXL
_2CC
999 _c208138
_d208138